教會教育事工 Jiao hui jiao yu shi gong = Christian education {ch} / (Record no. 38661)
[ view plain ]
| 000 -LEADER | |
|---|---|
| fixed length control field | 00752nam a22002057a 4500 |
| 008 - FIXED-LENGTH DATA ELEMENTS--GENERAL INFORMATION | |
| fixed length control field | 150701s1996 ch ||||| |||| 00| 0 chi d |
| 020 ## - INTERNATIONAL STANDARD BOOK NUMBER | |
| International Standard Book Number | 9575501799 (精裝): |
| 040 ## - CATALOGING SOURCE | |
| Original cataloging agency | FJU |
| 041 1# - LANGUAGE CODE | |
| Language code of text/sound track or separate title | chi |
| Language code of original and/or intermediate translations of text | eng |
| 100 1# - MAIN ENTRY--PERSONAL NAME | |
| Personal name | 勞倫 ·李察 |
| Fuller form of name | (Richards, Larry) |
| 245 10 - TITLE STATEMENT | |
| Title | 教會教育事工 Jiao hui jiao yu shi gong = Christian education {ch} / |
| Statement of responsibility, etc | 勞倫 ·李察(Lawrence O. Richards)著;魏玉琴譯 |
| 250 ## - EDITION STATEMENT | |
| Edition statement | 初版 |
| 260 ## - PUBLICATION, DISTRIBUTION, ETC. (IMPRINT) | |
| Place of publication, distribution, etc | 臺北市 : |
| Name of publisher, distributor, etc | 基督中國主日, |
| Date of publication, distribution, etc | 1996 |
| 300 ## - PHYSICAL DESCRIPTION | |
| Extent | 348 面 : |
| Other physical details | illustrations; |
| Dimensions | 22 cm. |
| 490 ## - SERIES STATEMENT | |
| Series statement | 教育事工神學叢書 |
| 500 ## - GENERAL NOTE | |
| General note | 譯自:Christian education:seeking to become like Jesus Christ |
| 650 ## - SUBJECT ADDED ENTRY--TOPICAL TERM | |
| Topical term or geographic name as entry element | Christian education |
| General subdivision | PHilosophy {ch}. |
| 700 1# - ADDED ENTRY--PERSONAL NAME | |
| Personal name | 魏玉琴, |
| Relator term | 譯 |
| 942 ## - ADDED ENTRY ELEMENTS (KOHA) | |
| Source of classification or shelving scheme | Library of Congress Classification |
| Item type | Books |
| Koha issues (borrowed), all copies | 1 |
| Withdrawn status | Lost status | Source of classification or shelving scheme | Damaged status | Not for loan | Home library | Current library | Shelving location | Date acquired | Source of acquisition | Inventory number | Total Checkouts | Full call number | Barcode | Date last seen | Date last borrowed | Price effective from | Koha item type |
|---|---|---|---|---|---|---|---|---|---|---|---|---|---|---|---|---|---|
| Library of Congress Classification | BSOP Library | BSOP Library | Chinese Books (General Circulation) | 07/10/2018 | Gift - Brother Daniel | C-13173 | 1 | BV1464 R39c 1996 | 00045740 | 01/14/2020 | 01/09/2020 | 07/01/2015 | Books |
